La inteligencia asertiva: en la empresa y el trabajo

Uloženo v:
Podrobná bibliografie
Hlavní autor: Plaza, Javiera de la (Autor)
Médium: Kniha
Jazyk:španělština
Vydáno: Santiago Aguilar 2008
Vydání:1a. ed
Témata:
Tagy: Přidat tag
Žádné tagy, Buďte první, kdo vytvoří štítek k tomuto záznamu!

MARC

LEADER 00000nam a2200000 a 4500
001 UCH1457
003 CL-VaPUC
008 090427e20080900CL |||||||||||||||||spa|d
020 |a 9789562395977 
082 0 4 |a 152.41  |b PLA  |2 21 
100 0 |a Plaza, Javiera de la  |e author  |9 535956 
245 1 3 |a La inteligencia asertiva: en la empresa y el trabajo 
250 |a 1a. ed 
300 |a 216 p 
942 |c BK 
945 |d 20090427 00:00:00  |a dcastane 
260 |a Santiago  |b Aguilar   |c 2008 
650 0 |a Asertividad  |9 390752 
650 7 |a CONFIANZA  |2 CL-VaPUC  |9 535957 
650 0 |a Estrés laboral  |9 532879 
650 7 |a TIMIDEZ  |2 CL-VaPUC  |9 470698 
650 0 |a Relaciones humanas  |9 307340 
583 |a last modification  |c 20090427 00:00:00  |k Rodrigo Vera 
999 |c 333495  |d 333493 
952 |0 0  |1 0  |4 0  |6 152_410000000000000_PLA_2008  |7 0  |8 A  |9 421942  |a BIBENE  |b BIBENE  |d 2019-11-22  |i 4544781  |o 152.41 PLA 2008  |p 4544781  |r 2025-01-15  |w 2019-11-22  |y BK  |k ICO